[Event "NB2 Asztalos csoport"]
[Site "Komlo"]
[Date "2024.12.01"]
[Round "3.8"]
[White "Kollar, Tibor"]
[Black "Werner, Anna"]
[Result "0-1"]
[WhiteElo "1823"]
[BlackElo "1985"]
[PlyCount "88"]
[GameId "2120090342565035"]
[EventDate "2024.11.03"]
[EventType "team-tourn"]
[EventRounds "9"]
[EventCountry "HUN"]
[Source "chess.hu"]
[WhiteTeam "Komloi BSK II."]
[BlackTeam "Decs 1990"]
[WhiteTeamCountry "HUN"]
[BlackTeamCountry "HUN"]

1. e4 e6 2. f4 d5 3. e5 c5 4. c3 Nc6 5. d4 Qb6 6. Nf3 cxd4 7. cxd4 Nh6 8. Nc3 Nf5 9. Bb5 Be7 10. O-O O-O 11. Bxc6 bxc6 12. g4 Nh6 13. h3 Kh8 14. Rf2 Rb8 15. Be3 Qa5 16. a3 Bd7 17. b4 Qc7 18. Qd2 a5 19. Na2 axb4 20. Nxb4 Qa5 21. Nd3 Qa4 22. Nc5 Bxc5 23. dxc5 Rb3 24. f5 Nxg4 25. hxg4 Qxg4+ 26. Kf1 Rfb8 27. Re1 Bc8 28. Nd4 Ba6+ 29. Ne2 Qh3+ 30. Kg1 Qxe3 31. Qxe3 Rxe3 32. fxe6 fxe6 33. Ref1 Kg8 34. Nd4 Bxf1 35. Nxc6 Re8 36. Kxf1 Rc3 37. Rb2 Rxc5 38. Rb6 Ra8 39. Nd4 Rxa3 40. Rb8+ Kf7 41. Rb7+ Kg6 42. Nxe6 Rc2 43. Nf8+ Kh5 44. Rb1 Rf3+ 0-1

[Event "NB2 Asztalos csoport"]
[Site "Komlo"]
[Date "2024.12.01"]
[Round "3.9"]
[White "Papp, Csaba Dr."]
[Black "Gyorgy, Gergely"]
[Result "1/2-1/2"]
[WhiteElo "1991"]
[BlackElo "1777"]
[PlyCount "89"]
[GameId "2120090377041083"]
[EventDate "2024.11.03"]
[EventType "team-tourn"]
[EventRounds "9"]
[EventCountry "HUN"]
[Source "chess.hu"]
[WhiteTeam "Decs 1990"]
[BlackTeam "Komloi BSK II."]
[WhiteTeamCountry "HUN"]
[BlackTeamCountry "HUN"]

1. e4 d6 2. d4 Nf6 3. Nc3 g6 4. f4 Bg7 5. Nf3 O-O 6. Bd3 Bg4 7. h3 Bxf3 8. Qxf3 Nc6 9. Be3 Nb4 10. O-O Nxd3 11. cxd3 Rc8 12. Rad1 c6 13. e5 dxe5 14. dxe5 Nd5 15. Ne4 Nxe3 16. Qxe3 Qb6 17. Nc5 Rfd8 18. d4 e6 19. b3 Rd5 20. Rf2 Rcd8 21. Na4 Qb4 22. Rfd2 Bf8 23. Nc3 R5d7 24. Ne4 Kg7 25. Nf6 Rc7 26. Qg3 Be7 27. Qh4 h6 28. Qg4 Bxf6 29. exf6+ Kh7 30. Qf3 Rcd7 31. Qe3 Rd5 32. Rd3 Qd6 33. Qe4 Qd7 34. Kf2 c5 35. Ke3 b6 36. g4 Qb5 37. h4 h5 38. g5 c4 39. Rc3 cxb3 40. Rxb3 Qa4 41. Rd2 Rc8 42. Qd3 Rc4 43. Ra3 Qc6 44. Qb3 b5 45. Qb2 1/2-1/2

[Event "NB2 Asztalos csoport"]
[Site "Komlo"]
[Date "2024.12.01"]
[Round "3.10"]
[White "Nemeth, David Istvan"]
[Black "Nagy, Norbert"]
[Result "1-0"]
[WhiteElo "1767"]
[BlackElo "1901"]
[PlyCount "125"]
[GameId "2120090411070667"]
[EventDate "2024.11.03"]
[EventType "team-tourn"]
[EventRounds "9"]
[EventCountry "HUN"]
[Source "chess.hu"]
[WhiteTeam "Komloi BSK II."]
[BlackTeam "Decs 1990"]
[WhiteTeamCountry "HUN"]
[BlackTeamCountry "HUN"]

1. d4 d5 2. c4 e6 3. Nf3 Nf6 4. Nc3 Bb4 5. g3 O-O 6. Bg2 dxc4 7. Ne5 Nd5 8. Qc2 Nd7 9. Nxc4 N7b6 10. Ne5 Bd7 11. Nxd7 Qxd7 12. O-O Be7 13. a3 Bf6 14. e4 Nxc3 15. bxc3 c6 16. e5 Be7 17. Be4 g6 18. Bh6 Rfc8 19. h4 Bf8 20. Bxf8 Rxf8 21. Rfd1 f5 22. exf6 Rxf6 23. c4 Raf8 24. Rd2 Kh8 25. Rad1 Qe7 26. c5 Nd5 27. Rb1 R8f7 28. Re2 Qd7 29. Qd3 Ne7 30. Reb2 Nf5 31. Rxb7 Qxb7 32. Rxb7 Rxb7 33. Bxc6 Rc7 34. Be4 Ne7 35. Qb5 Kg7 36. Qb8 Rd7 37. Qe8 Rc7 38. Qd8 Nd5 39. Bxd5 Rcf7 40. Bg2 Rxf2 41. d5 exd5 42. Qxd5 Re2 43. c6 Rff2 44. Qd4+ Kf7 45. Qxf2+ Rxf2 46. Kxf2 Ke7 47. Ke3 Kd6 48. Kf4 h6 49. g4 h5 50. gxh5 gxh5 51. Kg5 a6 52. Kxh5 a5 53. Kg6 a4 54. h5 Kc7 55. h6 Kd6 56. h7 Kc7 57. h8=Q Kd6 58. Qd4+ Kc7 59. Qd7+ Kb6 60. c7 Ka5 61. c8=Q Kb6 62. Qcc6+ Ka5 63. Qb5# 1-0

[Event "NB2 Asztalos csoport"]
[Site "Komlo"]
[Date "2024.12.01"]
[Round "3.11"]
[White "Molnar, Ferenc"]
[Black "Csiszar, Vivien"]
[Result "0-1"]
[WhiteElo "1843"]
[BlackElo "1478"]
[PlyCount "90"]
[GameId "2120090455741659"]
[EventDate "2024.11.03"]
[EventType "team-tourn"]
[EventRounds "9"]
[EventCountry "HUN"]
[Source "chess.hu"]
[WhiteTeam "Decs 1990"]
[BlackTeam "Komloi BSK II."]
[WhiteTeamCountry "HUN"]
[BlackTeamCountry "HUN"]

1. e4 c5 2. Nc3 d6 3. f4 Nc6 4. Nf3 g6 5. Bc4 e6 6. O-O Bg7 7. Qe1 Nge7 8. b3 O-O 9. Bb2 Nd4 10. Nxd4 Bxd4+ 11. Kh1 Nc6 12. Nd1 Bxb2 13. Nxb2 Re8 14. c3 d5 15. Bd3 Bd7 16. Qf2 b6 17. f5 Rf8 18. f6 Kh8 19. Qf4 Rg8 20. e5 Qf8 21. Rae1 a6 22. Re3 h6 23. Rh3 Kh7 24. Nd1 Rh8 25. Ne3 Kg8 26. Ng4 h5 27. Ne3 Qh6 28. Qg3 Rd8 29. Bxa6 Ra8 30. Be2 h4 31. Qf4 Qxf4 32. Rxf4 Nxe5 33. a4 g5 34. Rf1 g4 35. Nxg4 Nxg4 36. Bxg4 b5 37. axb5 Bxb5 38. Rc1 Ra2 39. d3 Bc6 40. Bf3 Rb2 41. b4 cxb4 42. c4 b3 43. cxd5 exd5 44. Bxd5 Rc2 45. Rxc2 bxc2 0-1

[Event "NB2 Asztalos csoport"]
[Site "Marcali"]
[Date "2024.12.01"]
[Round "3.1"]
[White "Meszaros, Gyula"]
[Black "Haszon, David"]
[Result "0-1"]
[WhiteElo "2300"]
[BlackElo "2246"]
[PlyCount "78"]
[GameId "2120068551725969"]
[EventDate "2024.11.03"]
[EventType "team-tourn"]
[EventRounds "9"]
[EventCountry "HUN"]
[Source "chess.hu"]
[WhiteTeam "Szentlorinc SE"]
[BlackTeam "Marcali VSZSE"]
[WhiteTeamCountry "HUN"]
[BlackTeamCountry "HUN"]

{[%evp 0,67,11,15,7,-2,0,-8,9,9,43,28,27,40,18,-1,25,-24,7,11,26,27,10,102,42,15,10,21,12,29,9,108,50,57,35,135,49,35,45,183,92,41,55,45,63,-26,53,73,82,72,82,71,109,98,100,83,102,71,106,51,115,109,148,216,151,196,192,147,47,126]} 1. Nf3 d5 2. g3 Nf6 3. Bg2 e6 4. d4 Bd6 5. c4 O-O 6. O-O Nc6 7. Nc3 dxc4 8. Qa4 e5 9. Qxc4 exd4 10. Nxd4 Nxd4 11. Qxd4 Be7 12. Be3 c6 13. Qa4 Be6 14. Rac1 Ng4 15. Rfd1 Qe8 16. Bf4 f5 17. h3 Nf6 18. Bd6 Bxd6 19. Rxd6 Qe7 20. Rd4 a6 21. Rcd1 Rae8 22. Qa5 h6 23. e3 Bc8 24. R1d2 Kh8 25. Qb6 g5 26. Rd6 f4 27. exf4 gxf4 28. Qd4 Qg7 29. Rd3 Re1+ 30. Kh2 Kh7 31. gxf4 Bf5 32. Rg3 Qf7 33. Qc5 Nh5 34. Re3 Rxe3 35. Qxe3 Bg6 36. Ne2 Re8 37. Qd2 Rxe2 38. Qxe2 Qxf4+ 39. Kg1 Qxd6 0-1

[Event "NB2 Asztalos csoport"]
[Site "Marcali"]
[Date "2024.12.01"]
[Round "3.2"]
[White "Link, Ulrich"]
[Black "Bihercz, Gabor"]
[Result "1/2-1/2"]
[WhiteElo "2064"]
[BlackElo "2208"]
[PlyCount "107"]
[GameId "2120068627727282"]
[EventDate "2024.11.03"]
[EventType "team-tourn"]
[EventRounds "9"]
[EventCountry "HUN"]
[Source "chess.hu"]
[WhiteTeam "Marcali VSZSE"]
[BlackTeam "Szentlorinc SE"]
[WhiteTeamCountry "HUN"]
[BlackTeamCountry "HUN"]

1. d4 g6 2. e4 Bg7 3. Nf3 d6 4. Bc4 Nf6 5. Nbd2 O-O 6. O-O c5 7. e5 dxe5 8. dxe5 Nd5 9. Qe2 Nb6 10. e6 f5 11. Bb3 Nc6 12. Rd1 Qc7 13. Qb5 Rf6 14. Qxc5 Bxe6 15. Nc4 Nd7 16. Qe3 f4 17. Qe2 Nc5 18. Ng5 Bf7 19. Nxf7 Rxf7 20. f3 Nd4 21. Qf2 Ncxb3 22. axb3 e5 23. Bd2 b5 24. Na3 Rb8 25. b4 e4 26. fxe4 f3 27. g3 Ne2+ 28. Kh1 Bxb2 29. Ra2 Bxa3 30. Rxa3 Qxc2 31. Raa1 Rd8 32. e5 Rxd2 33. Rxd2 Qxd2 34. e6 Re7 35. Qxf3 Rxe6 36. Rf1 Nf4 37. Qxf4 Qxf4 38. Rxf4 Re2 39. Rd4 Rb2 40. Rd8+ Kg7 41. Rd7+ Kh6 42. Rxa7 Rxb4 43. Kg2 g5 44. h3 g4 45. hxg4 Rxg4 46. Rb7 Rb4 47. Kf3 Kg6 48. Rb8 Rb1 49. Kg4 Rb4+ 50. Kf3 h5 51. Rg8+ Kh6 52. Rh8+ Kg6 53. Rg8+ Kh7 54. Rb8 1/2-1/2

[Event "NB2 Asztalos csoport"]
[Site "Marcali"]
[Date "2024.12.01"]
[Round "3.3"]
[White "Bene, Zoltan"]
[Black "Haszon, Abel"]
[Result "1-0"]
[WhiteElo "2136"]
[BlackElo "1961"]
[PlyCount "85"]
[GameId "2120068670927810"]
[EventDate "2024.11.03"]
[EventType "team-tourn"]
[EventRounds "9"]
[EventCountry "HUN"]
[Source "chess.hu"]
[WhiteTeam "Szentlorinc SE"]
[BlackTeam "Marcali VSZSE"]
[WhiteTeamCountry "HUN"]
[BlackTeamCountry "HUN"]

1. Nf3 d6 2. d4 Nf6 3. c4 Nbd7 4. Nc3 e5 5. e4 Be7 6. Be2 O-O 7. O-O c6 8. Qc2 a6 9. Rd1 Qc7 10. a4 b6 11. h3 Re8 12. Be3 Bb7 13. d5 Nf8 14. b4 Ng6 15. Bf1 cxd5 16. exd5 Nh5 17. a5 bxa5 18. Rxa5 Bc8 19. Na4 Rb8 20. Qd2 f5 21. c5 f4 22. cxd6 Bxd6 23. Bc5 e4 24. Ng5 e3 25. Qe2 exf2+ 26. Qxf2 Rxb4 27. Bxd6 Qxd6 28. Qc5 Qxc5+ 29. Nxc5 Ne5 30. d6 h6 31. Nf3 Nxf3+ 32. gxf3 Re5 33. Nb7 Rxa5 34. Nxa5 Bd7 35. Nc4 Kf7 36. Re1 Nf6 37. Re7+ Kf8 38. Ne5 Bf5 39. Rf7+ Ke8 40. Rxg7 Rb1 41. Re7+ Kd8 42. Nc6+ Kc8 43. Rc7# 1-0

[Event "NB2 Asztalos csoport"]
[Site "Marcali"]
[Date "2024.12.01"]
[Round "3.4"]
[White "Palfi, Peter"]
[Black "Kohalmi, Endre Jr."]
[Result "1/2-1/2"]
[WhiteElo "1994"]
[BlackElo "2020"]
[PlyCount "24"]
[GameId "2120068723053522"]
[EventDate "2024.11.03"]
[EventType "team-tourn"]
[EventRounds "9"]
[EventCountry "HUN"]
[Source "chess.hu"]
[WhiteTeam "Marcali VSZSE"]
[BlackTeam "Szentlorinc SE"]
[WhiteTeamCountry "HUN"]
[BlackTeamCountry "HUN"]

1. e4 e6 2. d4 d5 3. Nc3 Nf6 4. Bd3 c5 5. Bb5+ Nc6 6. Bg5 dxe4 7. dxc5 Qxd1+ 8. Rxd1 Bxc5 9. Nxe4 Be7 10. Nd6+ Bxd6 11. Rxd6 Ke7 12. Rd2 Rd8 1/2-1/2

[Event "NB2 Asztalos csoport"]
[Site "Marcali"]
[Date "2024.12.01"]
[Round "3.5"]
[White "Drinoczi, Peter"]
[Black "Jankovics, Emod"]
[Result "0-1"]
[WhiteElo "2013"]
[BlackElo "1802"]
[PlyCount "48"]
[GameId "2120068768179170"]
[EventDate "2024.11.03"]
[EventType "team-tourn"]
[EventRounds "9"]
[EventCountry "HUN"]
[Source "chess.hu"]
[WhiteTeam "Szentlorinc SE"]
[BlackTeam "Marcali VSZSE"]
[WhiteTeamCountry "HUN"]
[BlackTeamCountry "HUN"]

1. e4 c5 2. Nf3 Nc6 3. Nc3 g6 4. d4 cxd4 5. Nxd4 Bg7 6. Be3 Nf6 7. Bc4 Qa5 8. O-O Qb4 9. Bb3 Nxe4 10. Nd5 Qa5 11. Re1 Nf6 12. Nxc6 dxc6 13. Nxe7 Be6 14. Bxe6 fxe6 15. Bf4 Qd8 16. Rxe6 Qxd1+ 17. Rxd1 Kf7 18. Rde1 Rhe8 19. Bd6 Rad8 20. Ba3 Ng8 21. R6e3 Bh6 22. Rf3+ Kg7 23. b3 Nxe7 24. Bxe7 Bg5 0-1

[Event "NB2 Asztalos csoport"]
[Site "Marcali"]
[Date "2024.12.01"]
[Round "3.6"]
[White "Bihary, Soma Botond"]
[Black "Hovorka, Tamas"]
[Result "1/2-1/2"]
[WhiteElo "1741"]
[BlackElo "2050"]
[PlyCount "205"]
[GameId "2120068868043762"]
[EventDate "2024.11.03"]
[EventType "team-tourn"]
[EventRounds "9"]
[EventCountry "HUN"]
[Source "chess.hu"]
[WhiteTeam "Marcali VSZSE"]
[BlackTeam "Szentlorinc SE"]
[WhiteTeamCountry "HUN"]
[BlackTeamCountry "HUN"]

1. e4 g6 2. d4 c6 3. Nf3 d5 4. e5 Bg4 5. Nbd2 e6 6. h3 Bxf3 7. Nxf3 c5 8. Bb5+ Nc6 9. O-O Qb6 10. Bxc6+ bxc6 11. c3 h5 12. Be3 Nh6 13. dxc5 Bxc5 14. Bg5 Nf5 15. Bf6 Rg8 16. b4 Be7 17. Bxe7 Kxe7 18. Nd4 Nxd4 19. cxd4 a5 20. bxa5 Rxa5 21. Qf3 Rb8 22. Qf6+ Ke8 23. Qh8+ Ke7 24. Qf6+ Ke8 25. Rfc1 Qd8 26. Qg7 Rb6 27. a4 Qe7 28. Rab1 Raa6 29. a5 Rxb1 30. Rxb1 Ra8 31. a6 Qf8 32. Qf6 Qe7 33. Qxe7+ Kxe7 34. Rb7+ Kf8 35. a7 Kg7 36. Kf1 g5 37. g4 hxg4 38. hxg4 Kg6 39. Ke2 f6 40. Kd3 fxe5 41. dxe5 c5 42. Kc3 Kh6 43. Kb3 Kg6 44. Ka4 c4 45. Kb4 Kh6 46. Kc5 c3 47. Kd4 c2 48. Rc7 Rxa7 49. Rxc2 Ra4+ 50. Ke3 Re4+ 51. Kd3 Rxe5 52. f3 Kg6 53. Rf2 Re1 54. Kd4 Kf6 55. Ra2 Rb1 56. Ra4 Rb3 57. Ra8 Kf7 58. Ra7+ Kg6 59. Ke5 Re3+ 60. Kd6 d4 61. Kc5 d3 62. Kc4 Rxf3 63. Rd7 Kf6 64. Rd4 Rf4 65. Kxd3 Ke5 66. Rd7 Rxg4 67. Ra7 Rg3+ 68. Ke2 Rb3 69. Ra5+ Kf4 70. Ra4+ Kf5 71. Ra8 g4 72. Rf8+ Ke4 73. Rg8 g3 74. Kf1 e5 75. Kg2 Rd3 76. Rg4+ Kd5 77. Rg5 Kd4 78. Rg8 e4 79. Rg7 Kc3 80. Re7 Re3 81. Re8 Kd3 82. Rd8+ Ke2 83. Re8 Kd3 84. Rd8+ Kc4 85. Rc8+ Kd5 86. Rd8+ Kc6 87. Re8 Kd5 88. Rd8+ Ke6 89. Rg8 Rf3 90. Re8+ Kf5 91. Rf8+ Kg4 92. Rg8+ Kf4 93. Rf8+ Ke3 94. Re8 Rf7 95. Rd8 Ke2 96. Kxg3 e3 97. Re8 Kd2 98. Rd8+ Ke1 99. Ra8 Rd7 100. Kf3 e2 101. Ra1+ Rd1 102. Ra2 Rd3+ 103. Kg2 1/2-1/2

[Event "NB2 Asztalos csoport"]
[Site "Marcali"]
[Date "2024.12.01"]
[Round "3.7"]
[White "Horvath, Gergely"]
[Black "Horvath, Jozsef"]
[Result "1/2-1/2"]
[WhiteElo "1964"]
[BlackElo "1886"]
[PlyCount "52"]
[GameId "2120069030269954"]
[EventDate "2024.11.03"]
[EventType "team-tourn"]
[EventRounds "9"]
[EventCountry "HUN"]
[Source "chess.hu"]
[WhiteTeam "Szentlorinc SE"]
[BlackTeam "Marcali VSZSE"]
[WhiteTeamCountry "HUN"]
[BlackTeamCountry "HUN"]

1. d4 Nf6 2. c4 g6 3. Nc3 Bg7 4. e4 d6 5. f3 O-O 6. Be3 e5 7. d5 a6 8. Nge2 Bd7 9. c5 dxc5 10. Bxc5 Re8 11. Qb3 b6 12. Be3 a5 13. Rc1 a4 14. Qc4 a3 15. b4 Bf8 16. b5 Bd6 17. g4 Bxg4 18. fxg4 Nxg4 19. Bg1 Qh4+ 20. Kd2 Nd7 21. h3 Bc5 22. Bg2 Qg5+ 23. Kc2 Ne3+ 24. Bxe3 Bxe3 25. Bf3 Bxc1 26. Nxc1 Qe3 1/2-1/2

[Event "NB2 Asztalos csoport"]
[Site "Marcali"]
[Date "2024.12.01"]
[Round "3.8"]
[White "Palotas, Karoly"]
[Black "Jerant, Gyorgy"]
[Result "1/2-1/2"]
[WhiteElo "1878"]
[BlackElo "1952"]
[PlyCount "148"]
[GameId "2120069081912338"]
[EventDate "2024.11.03"]
[EventType "team-tourn"]
[EventRounds "9"]
[EventCountry "HUN"]
[Source "chess.hu"]
[WhiteTeam "Marcali VSZSE"]
[BlackTeam "Szentlorinc SE"]
[WhiteTeamCountry "HUN"]
[BlackTeamCountry "HUN"]

1. g3 d5 2. Bg2 c6 3. d3 Bf5 4. Nd2 Nf6 5. Ngf3 h6 6. c3 Nbd7 7. d4 e6 8. Qb3 Qc7 9. O-O Bd6 10. Re1 O-O 11. Nh4 Bh7 12. e4 dxe4 13. Nxe4 Nxe4 14. Bxe4 Bxe4 15. Rxe4 c5 16. Qd1 Nf6 17. Re1 Rfd8 18. Qf3 cxd4 19. cxd4 Be7 20. Be3 Nd5 21. Ng2 Rac8 22. Rac1 Qb6 23. Qe2 Bf6 24. Rxc8 Rxc8 25. Rd1 Qa5 26. a3 Qa4 27. Nf4 Nxf4 28. gxf4 Rc2 29. Rd2 Rc1+ 30. Kg2 a6 31. Rd3 Rc2 32. Rd2 Qc6+ 33. Qf3 Qxf3+ 34. Kxf3 Rxd2 35. Bxd2 Bxd4 36. b3 f5 37. Be3 Bf6 38. Ke2 Kf7 39. Kd3 Ke8 40. Kc4 Kd7 41. h3 Kc6 42. a4 b5+ 43. axb5+ axb5+ 44. Kd3 Kd5 45. Ba7 Be7 46. Bd4 g5 47. fxg5 hxg5 48. f3 e5 49. Bf2 e4+ 50. fxe4+ fxe4+ 51. Ke2 Bc5 52. Be1 Bd4 53. Bd2 Bf6 54. Be3 Ke5 55. Bd2 Kf5 56. Be3 Be5 57. Kf2 Bf4 58. Bd4 Kg6 59. Ke2 Kh6 60. Kf2 Kh5 61. Bc5 Kh4 62. Kg2 e3 63. Bd4 e2 64. Bf2+ Kh5 65. Kf3 Bc1 66. Kxe2 g4 67. hxg4+ Kxg4 68. Kd3 Bb2 69. Bd4 Ba3 70. Ke4 Kg5 71. Kd5 Kf5 72. Bc5 Bb2 73. Kc6 Ke6 74. b4 Bc3 1/2-1/2

[Event "NB2 Asztalos csoport"]
[Site "Marcali"]
[Date "2024.12.01"]
[Round "3.9"]
[White "Konya, Attila"]
[Black "Nador, Zoltan"]
[Result "0-1"]
[WhiteElo "1881"]
[BlackElo "1850"]
[PlyCount "92"]
[GameId "2120069118854178"]
[EventDate "2024.11.03"]
[EventType "team-tourn"]
[EventRounds "9"]
[EventCountry "HUN"]
[Source "chess.hu"]
[WhiteTeam "Szentlorinc SE"]
[BlackTeam "Marcali VSZSE"]
[WhiteTeamCountry "HUN"]
[BlackTeamCountry "HUN"]

1. e4 c6 2. d4 d5 3. Nc3 dxe4 4. Nxe4 Bf5 5. Ng3 Bg6 6. h4 h5 7. Nh3 e6 8. Nf4 Ne7 9. Nxg6 Nxg6 10. Bg5 Be7 11. Ne4 Bxg5 12. hxg5 h4 13. c3 Qd5 14. Bd3 Nf4 15. Qf3 Nxd3+ 16. Qxd3 Nd7 17. O-O-O O-O-O 18. c4 Qa5 19. Nd6+ Kb8 20. Nxf7 Rdf8 21. Nxh8 Rxh8 22. Rxh4 Qxg5+ 23. f4 Qxh4 24. g3 Qg4 25. d5 exd5 26. cxd5 c5 27. Re1 a6 28. Re7 Rh1+ 29. Kc2 Rh2+ 30. Kc3 Rh3 31. Re3 g6 32. Kb3 b5 33. Ka3 c4 34. Qe4 Rxg3 35. Qe8+ Kc7 36. b3 Rxe3 37. Qxe3 Qf5 38. Qa7+ Kd8 39. d6 Qc5+ 40. Qxc5 Nxc5 41. bxc4 bxc4 42. Kb4 Nd3+ 43. Kxc4 Nxf4 44. Kd4 Kd7 45. Ke5 Ne6 46. a3 g5 0-1

[Event "NB2 Asztalos csoport"]
[Site "Marcali"]
[Date "2024.12.01"]
[Round "3.10"]
[White "Nagy, Balazs"]
[Black "Peregi, Zsolt"]
[Result "1/2-1/2"]
[WhiteElo "1829"]
[BlackElo "1957"]
[PlyCount "77"]
[GameId "2120069191930930"]
[EventDate "2024.11.03"]
[EventType "team-tourn"]
[EventRounds "9"]
[EventCountry "HUN"]
[Source "chess.hu"]
[WhiteTeam "Marcali VSZSE"]
[BlackTeam "Szentlorinc SE"]
[WhiteTeamCountry "HUN"]
[BlackTeamCountry "HUN"]

1. d4 Nf6 2. Nd2 d5 3. Ngf3 g6 4. e3 Bg7 5. Bd3 O-O 6. O-O c5 7. c3 Nc6 8. Re1 b6 9. dxc5 bxc5 10. Bb5 Qb6 11. Bd3 Rd8 12. Qe2 e5 13. e4 d4 14. Nc4 Qc7 15. cxd4 exd4 16. a3 Ba6 17. Bd2 Rab8 18. b4 cxb4 19. axb4 Bxc4 20. Bxc4 Nxb4 21. Rec1 Qe7 22. Ne1 Qxe4 23. Rxa7 Qxe2 24. Bxe2 Ne4 25. Bf4 Rbc8 26. Nd3 Nc3 27. Bf1 Nbd5 28. Bd2 Nb5 29. Rxc8 Rxc8 30. Ra5 Nbc3 31. Nc5 Bf8 32. Nd3 Rb8 33. Ra1 Nb4 34. Bf4 Re8 35. Bd2 Nc2 36. Rc1 Nb4 37. Bxc3 Nxd3 38. Bxd3 dxc3 39. Rxc3 1/2-1/2

[Event "NB2 Asztalos csoport"]
[Site "Marcali"]
[Date "2024.12.01"]
[Round "3.11"]
[White "Fabian, Zsombor"]
[Black "Kiraly, Mate"]
[Result "1/2-1/2"]
[WhiteElo "1795"]
[BlackElo "1874"]
[PlyCount "64"]
[GameId "2120069235196994"]
[EventDate "2024.11.03"]
[EventType "team-tourn"]
[EventRounds "9"]
[EventCountry "HUN"]
[Source "chess.hu"]
[WhiteTeam "Szentlorinc SE"]
[BlackTeam "Marcali VSZSE"]
[WhiteTeamCountry "HUN"]
[BlackTeamCountry "HUN"]

1. e4 d6 2. d4 g6 3. Nc3 Bg7 4. Nf3 Nf6 5. h3 Nc6 6. Bb5 Bd7 7. Be3 a6 8. Bxc6 Bxc6 9. d5 Bd7 10. Qd2 h6 11. O-O e5 12. Nh2 Nh5 13. Ne2 g5 14. c4 Nf4 15. f3 h5 16. Nxf4 gxf4 17. Bf2 Qg5 18. h4 Qg6 19. Kh1 Bf6 20. Rg1 Be7 21. Rac1 Rg8 22. g3 Bh3 23. g4 hxg4 24. Nxg4 O-O-O 25. Kh2 Bxg4 26. Rxg4 Qh5 27. Rcg1 Rxg4 28. fxg4 Qh7 29. Qe1 Rh8 30. h5 Rg8 31. Qe2 Bg5 32. Kh3 f6 1/2-1/2

[Event "NB2 Asztalos csoport"]
[Site "Marcali"]
[Date "2024.12.01"]
[Round "3.12"]
[White "Nemeth, Mate Barnabas"]
[Black "Antal, Daniel"]
[Result "0-1"]
[WhiteElo "1653"]
[BlackElo "1639"]
[PlyCount "114"]
[GameId "2120069273531474"]
[EventDate "2024.11.03"]
[EventType "team-tourn"]
[EventRounds "9"]
[EventCountry "HUN"]
[Source "chess.hu"]
[WhiteTeam "Marcali VSZSE"]
[BlackTeam "Szentlorinc SE"]
[WhiteTeamCountry "HUN"]
[BlackTeamCountry "HUN"]

1. e4 e6 2. d4 d5 3. Nc3 Nf6 4. e5 Nfd7 5. f4 c5 6. Nf3 Nc6 7. Be3 b6 8. a3 Bb7 9. Be2 cxd4 10. Nxd4 Nxd4 11. Bxd4 Be7 12. O-O Qc7 13. Nb5 Qc6 14. Qd3 Nc5 15. Qc3 a6 16. Nd6+ Bxd6 17. exd6 Rg8 18. f5 e5 19. Bxe5 f6 20. Bxf6 d4 21. Bf3 dxc3 22. Bxc6+ Bxc6 23. Bxc3 Ne4 24. Bd4 b5 25. Be5 Kd7 26. Rad1 Rae8 27. Bf4 Rgf8 28. g4 Nf6 29. h3 Re2 30. Rf2 Rfe8 31. Rxe2 Rxe2 32. Rc1 Be4 33. c4 bxc4 34. Rxc4 Rg2+ 35. Kf1 Bd3+ 36. Kxg2 Bxc4 37. Kf3 Bd5+ 38. Ke3 Bg2 39. h4 Nxg4+ 40. Kd4 Nf6 41. b4 Ne4 42. Be5 Nxd6 43. f6 Nb5+ 44. Kc5 gxf6 45. Bxf6 Nxa3 46. Bb2 Nb5 47. Kb6 Nc7 48. Be5 Nd5+ 49. Kxa6 Nxb4+ 50. Kb5 Ke6 51. Bg3 Nd5 52. Kc4 Ne3+ 53. Kd3 Nf5 54. Bf2 Ke5 55. Ke2 Kf4 56. Kd3 Kg4 57. Kc4 Nxh4 0-1

[Event "NB2 Asztalos csoport"]
[Site "Kaposvar"]
[Date "2024.12.01"]
[Round "3.2"]
[White "Katai, David"]
[Black "Katona, Ferenc"]
[Result "0-1"]
[WhiteElo "2147"]
[BlackElo "2106"]
[PlyCount "50"]
[GameId "2119384817738579"]
[EventDate "2024.11.03"]
[EventType "team-tourn"]
[EventRounds "9"]
[EventCountry "HUN"]
[Source "chess.hu"]
[WhiteTeam "Kaposvari Bastya SE"]
[BlackTeam "MartonVal-Kiralysakk"]
[WhiteTeamCountry "HUN"]
[BlackTeamCountry "HUN"]

1. e4 e5 2. Nf3 Nf6 3. Nxe5 d6 4. Nf3 Nxe4 5. d4 d5 6. Bd3 Bd6 7. O-O O-O 8. c4 c6 9. Nc3 Nxc3 10. bxc3 Bg4 11. c5 Bc7 12. h3 Bh5 13. Re1 b6 14. cxb6 axb6 15. a4 c5 16. Ba3 Qd6 17. Re5 Bxf3 18. Qxf3 Nd7 19. Ree1 Rxa4 20. Bb5 Rxa3 21. Rxa3 Qh2+ 22. Kf1 Qh1+ 23. Ke2 Re8+ 24. Kd3 Qxe1 25. Bxd7 c4+ 0-1

[Event "NB2 Asztalos csoport"]
[Site "Kaposvar"]
[Date "2024.12.01"]
[Round "3.3"]
[White "Remenyi, Lajos Jr."]
[Black "Miovecz, Janos"]
[Result "0-1"]
[WhiteElo "1965"]
[BlackElo "2066"]
[PlyCount "122"]
[GameId "2119384851956589"]
[EventDate "2024.11.03"]
[EventType "team-tourn"]
[EventRounds "9"]
[EventCountry "HUN"]
[Source "chess.hu"]
[WhiteTeam "MartonVal-Kiralysakk"]
[BlackTeam "Kaposvari Bastya SE"]
[WhiteTeamCountry "HUN"]
[BlackTeamCountry "HUN"]

1. c4 e5 2. Nc3 Nf6 3. g3 Bc5 4. Bg2 O-O 5. d3 Nc6 6. Nf3 h6 7. O-O d6 8. Na4 Nd7 9. a3 a5 10. Nxc5 Nxc5 11. b3 a4 12. b4 Nb3 13. Rb1 Bf5 14. Bb2 Qd7 15. Nd2 Nxd2 16. Qxd2 Bh3 17. e3 Rfe8 18. Qc3 f6 19. Rfc1 Bxg2 20. Kxg2 Ne7 21. Qc2 Qc6+ 22. Kg1 Qf3 23. Qd1 Qxd1+ 24. Rxd1 c6 25. Bc3 b5 26. Rd2 Red8 27. Bb2 Kf7 28. Rc2 Rac8 29. Rbc1 Ke6 30. e4 g6 31. f4 Rf8 32. Kf2 f5 33. Ke3 g5 34. fxe5 dxe5 35. cxb5 f4+ 36. gxf4 exf4+ 37. Kf3 Rcd8 38. d4 cxb5 39. Rc5 Ng6 40. Rxb5 Nh4+ 41. Kf2 f3 42. Rb6+ Rd6 43. Rcc6 Rxc6 44. Rxc6+ Kd7 45. Rxh6 Rc8 46. Rh7+ Kd6 47. Rh6+ Ke7 48. Rh7+ Kf6 49. d5+ Kg6 50. Rg7+ Kh5 51. Bd4 Rc2+ 52. Ke3 Re2+ 53. Kd3 Ng2 54. d6 Nf4+ 55. Kc4 Rxe4 56. Re7 f2 57. Rxe4 f1=Q+ 58. Kc5 Qc1+ 59. Kb5 Qc8 60. Bb6 Nd5 61. Bc5 Nc3+ 0-1

[Event "NB2 Asztalos csoport"]
[Site "Kaposvar"]
[Date "2024.12.01"]
[Round "3.5"]
[White "Szabo, Levente"]
[Black "Ronga, Attila"]
[Result "1-0"]
[WhiteElo "1913"]
[BlackElo "2081"]
[PlyCount "97"]
[GameId "2119385683141562"]
[EventDate "2024.11.03"]
[EventType "team-tourn"]
[EventRounds "9"]
[EventCountry "HUN"]
[Source "chess.hu"]
[WhiteTeam "MartonVal-Kiralysakk"]
[BlackTeam "Kaposvari Bastya SE"]
[WhiteTeamCountry "HUN"]
[BlackTeamCountry "HUN"]

1. d4 b6 2. Nf3 Bb7 3. g3 Nf6 4. Bg2 e6 5. O-O c5 6. c4 Be7 7. Nc3 cxd4 8. Nxd4 Bxg2 9. Kxg2 a6 10. e4 Nc6 11. Nxc6 dxc6 12. Be3 Qc7 13. f3 O-O 14. Qe2 Rfd8 15. Rfd1 Nd7 16. Rd2 e5 17. Na4 Rab8 18. Rc1 Bb4 19. Rd3 b5 20. cxb5 axb5 21. Nc5 Bxc5 22. Bxc5 Nxc5 23. Rxc5 Rxd3 24. Qxd3 Rd8 25. Qc3 h5 26. Rxc6 Qd7 27. Qc2 Qd2+ 28. Kh3 g6 29. Rc5 Qd7+ 30. Kg2 Kg7 31. Rd5 Rc8 32. Qb3 Qa7 33. Rxb5 Rc1 34. Rb6 Qc7 35. Rb7 Rc2+ 36. Kf1 Rc1+ 37. Ke2 Qc2+ 38. Qxc2 Rxc2+ 39. Kf1 Rxh2 40. a4 g5 41. a5 h4 42. gxh4 Rxh4 43. a6 Rh1+ 44. Kg2 Ra1 45. a7 Kf6 46. b4 Ke6 47. b5 Kd6 48. b6 Kc6 49. Rb8 1-0